Analysis of linear systems (Record no. 4150)

000 -LEADER
fixed length control field 00506nam a22001931 4500
001 - CONTROL NUMBER
control field 4150
003 - CONTROL NUMBER IDENTIFIER
control field BD-DhUET
008 - FIXED-LENGTH DATA ELEMENTS--GENERAL INFORMATION
fixed length control field 790416s1959 maua 000 0 eng
040 ## - CATALOGING SOURCE
Original cataloging agency DLC
Transcribing agency DLC
Modifying agency BD-DhUET
082 ## - DEWEY DECIMAL CLASSIFICATION NUMBER
Classification number 629.83
Item number CHE/1959
100 1# - MAIN ENTRY--PERSONAL NAME
Personal name Cheng, David K.
245 00 - TITLE STATEMENT
Title Analysis of linear systems
250 ## - EDITION STATEMENT
Edition statement 1st ed.
260 ## - PUBLICATION, DISTRIBUTION, ETC. (IMPRINT)
Place of publication, distribution, etc. London
Name of publisher, distributor, etc. Addison-Wesley Publishing
Date of publication, distribution, etc. 1959
300 ## - PHYSICAL DESCRIPTION
Extent 431 p.
490 0# - SERIES STATEMENT
Series statement Addison-Wesley series in electrical engineering
650 #0 - SUBJECT ADDED ENTRY--TOPICAL TERM
Topical term or geographic name as entry element Linear Systems
942 ## - ADDED ENTRY ELEMENTS (KOHA)
Koha item type General Book
Holdings
Copy number Source of classification or shelving scheme Lost status Koha date last seen Koha item type Date acquired Sublocation or collection (holding branch) Shelving location Piece designation (barcode) Withdrawn status Koha normalized classification for sorting Damaged status Not for loan Location (home branch) Koha full call number Price effective from
1  2014-11-13General Book2014-11-13Central Library, BUETCirculation section78368 629_000000000000000_83CHE1959  Central Library, BUET629.83/CHE/19592014-11-13
2  2014-11-13General Book2014-11-13Central Library, BUETCirculation section78370 629_000000000000000_83CHE1959  Central Library, BUET629.83/CHE/19592014-11-13
3  2014-11-13General Book2014-11-13Central Library, BUETCirculation section78369 629_000000000000000_83CHE1959  Central Library, BUET629.83/CHE/19592014-11-13
4  2014-11-17General Book2014-11-17Central Library, BUETCirculation section8330 629_000000000000000_83CHE1959  Central Library, BUET629.83/CHE/19592014-11-17
5  2014-11-17General Book2014-11-17Central Library, BUETCirculation section24901 629_000000000000000_83CHE1959  Central Library, BUET629.83/CHE/19592014-11-17
6  2017-08-28General Book2014-11-18Central Library, BUETCirculation section12682 629_000000000000000_83CHE1959  Central Library, BUET629.83/CHE/19592014-11-18
7  2015-06-20Reading Item2015-06-20Central Library, BUETReading section24899 629_830000000000000_CHE_1959  Central Library, BUET629.83/CHE/19592015-06-20
8  2019-09-07Reading Item2015-06-30Central Library, BUETReading section12690 629_830000000000000_CHE_1959  Central Library, BUET629.83/CHE/19592015-06-30
9  2015-06-30Reading Item2015-06-30Central Library, BUETReading section8327 629_830000000000000_CHE_1959  Central Library, BUET629.83/CHE/19592015-06-30
10  2015-06-30Reading Item2015-06-30Central Library, BUETReading section8331 629_830000000000000_CHE_1959  Central Library, BUET629.83/CHE/19592015-06-30
11  2015-07-04Reading Item2015-07-04Central Library, BUETReading section8328 629_830000000000000_CHE_1959  Central Library, BUET629.83/CHE/19592015-07-04
12  2018-05-12General Book1973-10-04Central Library, BUETCirculation section32058 629_830000000000000_CHE_1959  Central Library, BUET629.83/CHE/19592018-05-12